| 000 | 00719cab a2200253 4500 | ||
|---|---|---|---|
| 001 | ABS59551 | ||
| 008 | 090401t1998 xxu||||| |||| 00| 0 eng d | ||
| 035 | _a(Sirsi) u89319 | ||
| 041 | _aeng | ||
| 100 | _aTanney, A. | ||
| 245 | 4 | _aThe subtleties of giving and receiving | |
| 260 | _c1998 | ||
| 350 | _a0 | ||
| 490 |
_aProperty Week _v63(25) 16 October 1998, 36(1) |
||
| 520 | _aLooks at an unusual case which questions whether a notice that is served but never received becomes valid. | ||
| 650 | _aJOINT OWNERSHIP | ||
| 650 | _aKINCH V BULLARD | ||
| 650 | _aSERVING NOTICES | ||
| 650 | _aSEVERANCE | ||
| 690 | _aPROPERTY LAW AND PRACTICE | ||
| 700 | _aShea, C. | ||
| 942 | _n0 | ||
| 948 | _c28/10/1998 | ||
| 999 |
_c56499 _d56499 |
||